| 000 | 00907cam a2200301 i 4500 | ||
|---|---|---|---|
| 001 | 20839008 | ||
| 003 | OSt | ||
| 005 | 20230531164535.0 | ||
| 008 | 190205s2018 ke 000 0 eng | ||
| 010 | _a 2018354993 | ||
| 020 | _a9789966117915 | ||
| 040 |
_aDLC _beng _erda _cDLC |
||
| 041 | 0 |
_aeng _assa |
|
| 042 |
_alcode _apcc |
||
| 082 | _a809.8 | ||
| 100 | 1 |
_aLesarge, Lmakiya, _eauthor. |
|
| 245 | 1 | 0 |
_aProverbs of the Samburu / _cLmakiya Lesarge. |
| 264 | 1 |
_aNairobi : _bAura Publishers, _c2018. |
|
| 300 |
_a226 pages ; _c21 cm |
||
| 336 |
_atext _btxt _2rdacontent |
||
| 337 |
_aunmediated _bn _2rdamedia |
||
| 338 |
_avolume _bnc _2rdacarrier |
||
| 546 | _aEnglish and Samburu. | ||
| 650 | 0 | _aProverbs, Samburu. | |
| 906 |
_a7 _bcbc _corigode _d3 _encip _f20 _gy-gencatlg |
||
| 942 |
_2ddc _cBK |
||
| 999 |
_c20 _d20 |
||